1873 1743 1011 1865 1964 1402 1929 1388 1036 1729 1389 1703 1718 1450 1427 1083 1573 1447 1731 1452 1876 1875 1913 1399 1759 1192 1022 1378 1601 1268 1880 1327 1176 1036 1086 1601 1343 1766 1739 1205 1292 1646 1291 1054 1853 1921 1674 1184 1022 1758 1709 1070 1835 1307 1000 1070 1909 1607 1741 1093 1984 1326 1263 1508 1731 1394 1624 1492 1300 1031 1311 1593 1818 1420 1861 1152 1528 1502 1989 1076 1274 1159 1935 1357 1450 1535 1491 1981 1326 1868 1915 1031 1498 1233 1542 1207 1781 1716 1017 BCNSPRNW ULIB Ver.6.0+V

เปลี่ยนเป็นภาษาไทย

Change to English
 แสดงรายละเอียดบรรณานุกรม
  กลับหน้าหลัก

Brief Record : Get Marc (ISO 2709) : E-mail record : QR code < ปิดหน้าต่าง
LEADER : 00000nam 2200000uu 4500
001    13399122671
003     ULIB
008    130826s2013||||th 000 0 eng d
020    ^a9781609136864
060 04 ^aWY106^bH942i
100 1  ^aHunt, Roberta
245 10 ^aIntroduction to community-based nursing /^cRoberta Hunt
250    ^a5th ed.
260    ^aPhiladelphia :^bWolters Kluwer/Lippincott Williams & Wilkins,^c2013
300    ^axiii, 482 p. :^bill. ;^c24 cm.
504    ^aIncludes bibliographical references and index
650  2 ^aCommunity Health Nursing
945    ^p1500^l0^i033912
999    ^aเกษร โพธิ์สุวรรณ
รายการนี้ยังไม่มีแท็ก
คุณยังไม่ได้ล็อกอิน คุณสามารถมีกิจกรรมร่วมกับเว็บไซต์ได้ แต่ต้องล็อกอินก่อน ::
  ล็อกอิน

รายการสื่อสารสนเทศ

ลำดับที่ ประเภท เลขเรียก/บาร์โค้ด สถานที่ สถานะ
1. Book การพยาบาล
Book การพยาบาล
WY106 H942i  
  Barcode: 033912
ห้องสมุดวิทยาเขตสวรรค์ประชารักษ์
►หนังสือทั่วไป
บนชั้น

รายการใกล้เคียง
    ผู้แต่ง [Hunt, Roberta]

    หัวเรื่อง [Community Health Nursing]

BibComment


ยังไม่เคยถูกคอมเมนท์

คอมเมนท์ทรัพยากรรายการนี้
  คอมเมนท์: Introduction to ..


 Copyright 2026. Bcnsprnw @Library